Genus Phragmipedium (Registro nro. 13516)

Detalles MARC
000 -CABECERA
Campo de control 002530000a22001090004500
090 ## - CLASIFICACIÓN LOCAL
Colección AR
Consecutivo 04418
041 0# - IDIOMA
Código de idioma para texto/pista de sonido o título separado
100 1# - ASIENTO PRINCIPAL--NOMBRE PERSONAL
Nombre personal Garay, Leslie A.
245 10 - MENCION DE TITULO
Título Genus Phragmipedium
773 1# - Item fuente:
Título Orch. Dig.
Paginas del Articulo 133-151
Lugar, editorial y fecha de publicación 1979
Información sobre la relación 43
942 ## - ELEMENTOS ADICIONALES (KOHA)
Tipo de ítem Artículo
Existencias
Withdrawn status Lost status Damaged status No para préstamo Colección Ubicación Permanente Ubicación actual Fecha de adquisición Fuente de Valor Datos de publicación Seriada Total Checkouts Número topográfico Inventario / Código de Barras Date last seen Ejemplar Price effective from Forma de adquisición Tipo de material
      No para Préstamo Hemeroteca Bogotá Bogotá 27/08/2007 Calderón, Eduardo Fuera de circulación   AR 04418 025116 25/03/2015 1 25/03/2015   Artículo